[Event "Chess Masters Gent 2023"]
[Site "Ghent, Belgium"]
[Date "2023.07.17"]
[Round "7.4"]
[White "Gormally, Daniel W."]
[Black "Miedema, David"]
[Result "1-0"]
[TimeControl "90'/40 + 30' + 30\"/M"]
[WhiteTitle "GM"]
[BlackTitle "IM"]
[WhiteFideId "406465"]
[BlackFideId "1018477"]
[WhiteElo "2432"]
[BlackElo "2375"]

1. d4 {[%clk 01:30:57]} {[%emt 00:00:02]} Nf6 {[%clk 01:27:52]} {[%emt
00:03:08]} 2. c4 {[%clk 01:29:33]} {[%emt 00:01:53]} e6 {[%clk 01:28:18]}
{[%emt 00:00:04]} 3. Nf3 {[%clk 01:29:58]} {[%emt 00:00:04]} d5 {[%clk
01:28:40]} {[%emt 00:00:08]} 4. Nc3 {[%clk 01:30:22]} {[%emt 00:00:06]} Bb4
{[%clk 01:29:05]} {[%emt 00:00:05]} 5. Qa4+ {[%clk 01:30:25]} {[%emt 00:00:27]}
Nc6 {[%clk 01:29:31]} {[%emt 00:00:05]} 6. e3 {[%clk 01:30:49]} {[%emt
00:00:05]} O-O {[%clk 01:29:57]} {[%emt 00:00:04]} 7. Bd2 {[%clk 01:31:12]}
{[%emt 00:00:07]} Re8 {[%clk 01:30:03]} {[%emt 00:00:26]} 8. a3 {[%clk
01:31:28]} {[%emt 00:00:13]} Bf8 {[%clk 01:28:39]} {[%emt 00:01:54]} 9. Be2
{[%clk 01:31:01]} {[%emt 00:00:57]} h6 {[%clk 01:29:00]} {[%emt 00:00:11]} 10.
Rd1 {[%clk 01:30:48]} {[%emt 00:00:42]} Bd7 {[%clk 01:18:36]} {[%emt 00:10:55]}
11. Qc2 {[%clk 01:30:35]} {[%emt 00:00:42]} dxc4 {[%clk 01:17:01]} {[%emt
00:02:06]} 12. Bxc4 {[%clk 01:30:55]} {[%emt 00:00:09]} e5 {[%clk 01:17:29]}
{[%emt 00:00:02]} 13. Nxe5 {[%clk 01:26:19]} {[%emt 00:05:06]} Nxe5 {[%clk
01:17:07]} {[%emt 00:00:53]} 14. dxe5 {[%clk 01:26:45]} {[%emt 00:00:04]} Rxe5
{[%clk 01:17:32]} 15. O-O {[%clk 01:27:07]} {[%emt 00:00:12]} Ng4 {[%clk
00:56:07]} {[%emt 00:21:55]} 16. h3 {[%clk 01:24:01]} {[%emt 00:03:36]} Qh4
{[%clk 00:51:57]} {[%emt 00:04:40]} 17. Be1 {[%clk 01:13:08]} {[%emt 00:11:23]}
Bd6 {[%clk 00:35:05]} {[%emt 00:17:23]} 18. Rxd6 {[%clk 01:10:03]} {[%emt
00:03:34]} cxd6 {[%clk 00:35:28]} {[%emt 00:00:08]} 19. f4 {[%clk 01:10:19]}
{[%emt 00:00:14]} Qd8 {[%clk 00:31:49]} {[%emt 00:04:08]} 20. fxe5 {[%clk
01:09:16]} {[%emt 00:01:33]} Nxe3 {[%clk 00:32:13]} {[%emt 00:00:07]} 21. Qg6
{[%clk 01:00:02]} {[%emt 00:09:43]} Nxf1 {[%clk 00:32:36]} {[%emt 00:00:07]} 22.
Qxf7+ {[%clk 00:54:46]} {[%emt 00:05:47]} Kh8 {[%clk 00:33:03]} {[%emt
00:00:04]} 23. Bxf1 {[%clk 00:47:58]} {[%emt 00:07:17]} dxe5 {[%clk 00:33:22]}
{[%emt 00:00:11]} 24. Bg3 {[%clk 00:44:12]} {[%emt 00:04:15]} Qb6+ {[%clk
00:32:12]} {[%emt 00:01:41]} 25. Kh2 {[%clk 00:39:41]} {[%emt 00:05:01]} Qd6
{[%clk 00:24:19]} {[%emt 00:08:23]} 26. Ne4 {[%clk 00:37:30]} {[%emt 00:02:40]}
Qd4 {[%clk 00:24:25]} {[%emt 00:00:24]} 27. Nf6 {[%clk 00:34:05]} {[%emt
00:03:55]} Bf5 {[%clk 00:14:38]} {[%emt 00:10:18]} 28. Ne8 {[%clk 00:33:51]}
{[%emt 00:00:42]} Qd7 {[%clk 00:14:47]} {[%emt 00:00:23]} 29. Qf8+ {[%clk
00:34:14]} {[%emt 00:00:06]} Kh7 {[%clk 00:15:11]} {[%emt 00:00:06]} 30. Nf6+
{[%clk 00:34:41]} {[%emt 00:00:03]} 1-0

[Event "Chess Masters Gent 2023"]
[Site "Ghent, Belgium"]
[Date "2023.07.17"]
[Round "7.5"]
[White "Ruzhansky, Elias"]
[Black "De Waele, Warre"]
[Result "1/2-1/2"]
[TimeControl "90'/40 + 30' + 30\"/M"]
[BlackTitle "FM"]
[WhiteFideId "472824"]
[BlackFideId "241156"]
[WhiteElo "2209"]
[BlackElo "2350"]

1. e4 {[%clk 01:28:45]} {[%emt 00:02:15]} Nc6 {[%clk 01:30:24]} {[%emt
00:00:36]} 2. Nf3 {[%clk 01:29:08]} {[%emt 00:00:07]} d6 {[%clk 01:29:30]}
{[%emt 00:01:24]} 3. d4 {[%clk 01:28:55]} {[%emt 00:00:43]} Nf6 {[%clk
01:29:12]} {[%emt 00:00:49]} 4. Nc3 {[%clk 01:28:37]} {[%emt 00:00:47]} g6
{[%clk 01:29:20]} {[%emt 00:00:23]} 5. d5 {[%clk 01:27:45]} {[%emt 00:01:22]}
Nb8 {[%clk 01:29:43]} {[%emt 00:00:07]} 6. e5 {[%clk 01:25:26]} {[%emt
00:02:49]} dxe5 {[%clk 01:29:53]} {[%emt 00:00:20]} 7. Nxe5 {[%clk 01:25:48]}
{[%emt 00:00:06]} Bg7 {[%clk 01:28:48]} {[%emt 00:01:36]} 8. Bc4 {[%clk
01:24:13]} {[%emt 00:02:05]} O-O {[%clk 01:28:39]} {[%emt 00:00:40]} 9. O-O
{[%clk 01:23:41]} {[%emt 00:01:01]} Nbd7 {[%clk 01:20:07]} {[%emt 00:09:02]} 10.
Nf3 {[%clk 01:18:13]} {[%emt 00:05:58]} Nb6 {[%clk 01:19:08]} {[%emt 00:01:29]}
11. Bb3 {[%clk 01:18:38]} {[%emt 00:00:05]} Bg4 {[%clk 01:07:18]} {[%emt
00:12:20]} 12. h3 {[%clk 01:17:51]} {[%emt 00:01:17]} Bxf3 {[%clk 01:07:43]}
{[%emt 00:00:06]} 13. Qxf3 {[%clk 01:18:16]} {[%emt 00:00:04]} Nfd7 {[%clk
01:04:41]} {[%emt 00:03:32]} 14. Bf4 {[%clk 01:04:13]} {[%emt 00:14:32]} Nc5
{[%clk 01:02:28]} {[%emt 00:02:44]} 15. Rad1 {[%clk 01:02:53]} {[%emt
00:01:50]} Qd7 {[%clk 01:00:23]} {[%emt 00:02:35]} 16. Qe3 {[%clk 00:58:36]}
{[%emt 00:04:46]} Nxb3 {[%clk 00:57:39]} {[%emt 00:03:14]} 17. axb3 {[%clk
00:57:56]} {[%emt 00:01:10]} Nc8 {[%clk 00:53:58]} {[%emt 00:04:11]} 18. Rfe1
{[%clk 00:41:52]} {[%emt 00:16:34]} Re8 {[%clk 00:54:07]} {[%emt 00:00:21]} 19.
Be5 {[%clk 00:40:19]} {[%emt 00:02:04]} Nd6 {[%clk 00:52:23]} {[%emt 00:02:14]}
20. Bxg7 {[%clk 00:40:22]} {[%emt 00:00:27]} Kxg7 {[%clk 00:52:36]} {[%emt
00:00:17]} 21. Ne4 {[%clk 00:35:12]} {[%emt 00:05:40]} Nxe4 {[%clk 00:51:38]}
{[%emt 00:01:28]} 22. Qxe4 {[%clk 00:35:35]} {[%emt 00:00:07]} a5 {[%clk
00:51:40]} {[%emt 00:00:28]} 23. Rd4 {[%clk 00:34:24]} {[%emt 00:01:41]} Ra6
{[%clk 00:47:37]} {[%emt 00:04:33]} 24. Qe5+ {[%clk 00:33:24]} {[%emt
00:01:30]} f6 {[%clk 00:40:51]} {[%emt 00:07:16]} 25. Qe3 {[%clk 00:32:38]}
{[%emt 00:01:16]} a4 {[%clk 00:34:37]} {[%emt 00:06:45]} 26. bxa4 {[%clk
00:32:12]} {[%emt 00:00:56]} Rxa4 {[%clk 00:34:39]} {[%emt 00:00:28]} 27. c4
{[%clk 00:32:05]} {[%emt 00:00:36]} b5 {[%clk 00:32:58]} {[%emt 00:02:12]} 28.
b3 {[%clk 00:32:23]} {[%emt 00:00:12]} Ra3 {[%clk 00:30:17]} {[%emt 00:03:11]}
29. cxb5 {[%clk 00:23:07]} {[%emt 00:09:46]} Qxb5 {[%clk 00:27:14]} {[%emt
00:03:33]} 30. Re4 {[%clk 00:23:24]} {[%emt 00:00:12]} e5 {[%clk 00:27:00]}
{[%emt 00:00:43]} 31. dxe6 {[%clk 00:23:45]} {[%emt 00:00:09]} Rxb3 {[%clk
00:27:12]} {[%emt 00:00:19]} 32. Qc1 {[%clk 00:20:08]} {[%emt 00:04:08]} Re7
{[%clk 00:26:07]} {[%emt 00:01:35]} 33. Rd4 {[%clk 00:18:47]} {[%emt 00:01:51]}
Rd3 {[%clk 00:17:58]} {[%emt 00:08:39]} 34. Rc4 {[%clk 00:17:23]} {[%emt
00:01:54]} Qa5 {[%clk 00:18:16]} {[%emt 00:00:12]} 35. Rc5 {[%clk 00:17:05]}
{[%emt 00:00:48]} Qb6 {[%clk 00:18:16]} {[%emt 00:00:30]} 36. Rc6 {[%clk
00:16:45]} {[%emt 00:00:50]} Qa5 {[%clk 00:18:15]} {[%emt 00:00:32]} 37. Rc5
{[%clk 00:16:46]} {[%emt 00:00:29]} Qb6 {[%clk 00:18:38]} {[%emt 00:00:07]} 38.
Rc6 {[%clk 00:17:02]} {[%emt 00:00:14]} Qa5 {[%clk 00:19:00]} {[%emt 00:00:07]}
39. Rc5 {[%clk 00:17:09]} {[%emt 00:00:23]} 1/2-1/2

[Event "Chess Masters Gent 2023"]
[Site "Ghent, Belgium"]
[Date "2023.07.17"]
[Round "7.6"]
[White "Csonka, Balazs"]
[Black "Grooten, Herman"]
[Result "1-0"]
[TimeControl "90'/40 + 30' + 30\"/M"]
[WhiteTitle "IM"]
[BlackTitle "IM"]
[WhiteFideId "742910"]
[BlackFideId "1000330"]
[WhiteElo "2497"]
[BlackElo "2241"]

1. c4 {[%clk 01:30:57]} {[%emt 00:00:02]} c5 {[%clk 01:30:46]} {[%emt
00:00:15]} 2. Nf3 {[%clk 01:31:19]} {[%emt 00:00:07]} b6 {[%clk 01:30:58]}
{[%emt 00:00:18]} 3. Nc3 {[%clk 01:31:26]} {[%emt 00:00:23]} Nf6 {[%clk
01:31:11]} {[%emt 00:00:16]} 4. e4 {[%clk 01:31:48]} {[%emt 00:00:08]} d6
{[%clk 01:31:34]} {[%emt 00:00:08]} 5. d4 {[%clk 01:32:11]} {[%emt 00:00:07]}
cxd4 {[%clk 01:31:57]} {[%emt 00:00:07]} 6. Nxd4 {[%clk 01:32:33]} {[%emt
00:00:08]} Bb7 {[%clk 01:32:17]} {[%emt 00:00:11]} 7. f3 {[%clk 01:32:57]}
{[%emt 00:00:06]} e6 {[%clk 01:32:28]} {[%emt 00:00:18]} 8. Be3 {[%clk
01:33:13]} {[%emt 00:00:14]} Be7 {[%clk 01:31:50]} {[%emt 00:01:08]} 9. g4
{[%clk 01:28:39]} {[%emt 00:05:04]} O-O {[%clk 01:30:05]} {[%emt 00:02:15]} 10.
Qd2 {[%clk 01:28:14]} {[%emt 00:00:55]} Nc6 {[%clk 01:25:01]} {[%emt 00:05:34]}
11. O-O-O {[%clk 01:25:40]} {[%emt 00:03:03]} a6 {[%clk 01:23:17]} {[%emt
00:02:14]} 12. Kb1 {[%clk 01:14:45]} {[%emt 00:11:25]} Nd7 {[%clk 01:16:40]}
{[%emt 00:07:07]} 13. h4 {[%clk 01:10:34]} {[%emt 00:04:40]} Nxd4 {[%clk
01:09:47]} {[%emt 00:07:23]} 14. Bxd4 {[%clk 01:07:11]} {[%emt 00:03:53]} Qc7
{[%clk 01:07:43]} {[%emt 00:02:35]} 15. Be2 {[%clk 00:54:38]} {[%emt 00:13:03]}
Bc6 {[%clk 01:03:56]} {[%emt 00:04:17]} 16. g5 {[%clk 00:44:03]} {[%emt
00:11:05]} Qb7 {[%clk 01:00:48]} {[%emt 00:03:38]} 17. h5 {[%clk 00:38:46]}
{[%emt 00:05:46]} f5 {[%clk 00:54:59]} {[%emt 00:06:19]} 18. h6 {[%clk
00:14:48]} {[%emt 00:24:29]} g6 {[%clk 00:53:53]} {[%emt 00:01:36]} 19. Bg7
{[%clk 00:14:41]} {[%emt 00:00:36]} Rf7 {[%clk 00:53:23]} {[%emt 00:01:00]} 20.
Rh4 {[%clk 00:06:02]} {[%emt 00:09:09]} Nf8 {[%clk 00:46:19]} {[%emt 00:07:34]}
21. exf5 {[%clk 00:05:03]} {[%emt 00:01:30]} gxf5 {[%clk 00:45:42]} {[%emt
00:01:07]} 22. Bxf8 {[%clk 00:04:02]} {[%emt 00:01:30]} Rfxf8 {[%clk 00:44:45]}
{[%emt 00:01:27]} 23. f4 {[%clk 00:03:49]} {[%emt 00:00:43]} e5 {[%clk
00:37:44]} {[%emt 00:07:31]} 24. Qe3 {[%clk 00:03:53]} {[%emt 00:00:26]} exf4
{[%clk 00:33:10]} {[%emt 00:05:05]} 25. Qd4 {[%clk 00:02:12]} {[%emt 00:02:10]}
Be4+ {[%clk 00:33:10]} {[%emt 00:00:30]} 26. Ka1 {[%clk 00:02:17]} {[%emt
00:00:25]} Bd8 {[%clk 00:31:49]} {[%emt 00:01:50]} 27. Rxf4 {[%clk 00:02:17]}
{[%emt 00:00:30]} Re8 {[%clk 00:28:12]} {[%emt 00:04:08]} 28. Nxe4 {[%clk
00:02:00]} {[%emt 00:00:46]} fxe4 {[%clk 00:24:43]} {[%emt 00:03:59]} 29. Rdf1
{[%clk 00:02:13]} {[%emt 00:00:16]} Bxg5 {[%clk 00:24:15]} {[%emt 00:00:59]} 30.
Rf7 {[%clk 00:02:31]} {[%emt 00:00:12]} Qxf7 {[%clk 00:24:28]} {[%emt
00:00:17]} 31. Rxf7 {[%clk 00:02:55]} {[%emt 00:00:06]} Kxf7 {[%clk 00:24:25]}
{[%emt 00:00:33]} 32. Qg7+ {[%clk 00:03:20]} {[%emt 00:00:05]} Ke6 {[%clk
00:24:51]} {[%emt 00:00:04]} 33. Bg4# {[%clk 00:03:44]} {[%emt 00:00:06]} 1-0

[Event "Chess Masters Gent 2023"]
[Site "Ghent, Belgium"]
[Date "2023.07.17"]
[Round "7.7"]
[White "Dauw, Sterre"]
[Black "Van Der Stricht, Geert"]
[Result "0-1"]
[TimeControl "90'/40 + 30' + 30\"/M"]
[WhiteTitle "FM"]
[BlackTitle "IM"]
[WhiteFideId "248886"]
[BlackFideId "201324"]
[WhiteElo "2244"]
[BlackElo "2329"]

1. e4 {[%clk 01:08:22]} {[%emt 00:22:36]} c5 {[%clk 01:30:54]} {[%emt
00:00:06]} 2. Nf3 {[%clk 01:08:48]} {[%emt 00:00:04]} d6 {[%clk 01:31:16]}
{[%emt 00:00:09]} 3. d4 {[%clk 01:09:14]} {[%emt 00:00:04]} cxd4 {[%clk
01:31:42]} {[%emt 00:00:05]} 4. Nxd4 {[%clk 01:09:39]} {[%emt 00:00:04]} Nf6
{[%clk 01:32:05]} {[%emt 00:00:06]} 5. Nc3 {[%clk 01:10:03]} {[%emt 00:00:05]}
a6 {[%clk 01:32:33]} {[%emt 00:00:04]} 6. h3 {[%clk 01:10:25]} {[%emt
00:00:07]} e5 {[%clk 01:32:11]} {[%emt 00:00:52]} 7. Nde2 {[%clk 01:10:49]}
{[%emt 00:00:06]} h5 {[%clk 01:32:24]} {[%emt 00:00:18]} 8. g3 {[%clk
01:10:24]} {[%emt 00:00:54]} Be7 {[%clk 01:26:07]} {[%emt 00:06:48]} 9. Bg2
{[%clk 01:10:36]} {[%emt 00:00:18]} b5 {[%clk 01:23:17]} {[%emt 00:03:21]} 10.
O-O {[%clk 01:08:25]} {[%emt 00:02:39]} Nbd7 {[%clk 01:21:44]} {[%emt
00:02:04]} 11. Bg5 {[%clk 00:58:54]} {[%emt 00:10:00]} Bb7 {[%clk 01:19:55]}
{[%emt 00:02:19]} 12. b4 {[%clk 00:58:21]} {[%emt 00:01:04]} O-O {[%clk
00:56:48]} {[%emt 00:23:37]} 13. a4 {[%clk 00:52:14]} {[%emt 00:06:37]} bxa4
{[%clk 00:35:54]} {[%emt 00:21:25]} 14. Rxa4 {[%clk 00:52:37]} {[%emt
00:00:06]} a5 {[%clk 00:35:47]} {[%emt 00:00:37]} 15. b5 {[%clk 00:50:40]}
{[%emt 00:02:26]} Nc5 {[%clk 00:29:11]} {[%emt 00:07:06]} 16. Bxf6 {[%clk
00:46:38]} {[%emt 00:04:32]} Nxa4 {[%clk 00:28:33]} {[%emt 00:01:08]} 17. Bxe7
{[%clk 00:46:45]} {[%emt 00:00:24]} Nxc3 {[%clk 00:28:54]} {[%emt 00:00:10]} 18.
Bxd8 {[%clk 00:45:01]} {[%emt 00:02:13]} Nxd1 {[%clk 00:29:17]} {[%emt
00:00:07]} 19. Bc7 {[%clk 00:44:59]} {[%emt 00:00:32]} Nb2 {[%clk 00:28:51]}
{[%emt 00:00:56]} 20. Nc3 {[%clk 00:38:56]} {[%emt 00:06:34]} a4 {[%clk
00:19:46]} {[%emt 00:09:35]} 21. Ra1 {[%clk 00:37:13]} {[%emt 00:02:13]} Rfc8
{[%clk 00:14:23]} {[%emt 00:05:54]} 22. b6 {[%clk 00:37:01]} {[%emt 00:00:40]}
Nc4 {[%clk 00:08:59]} {[%emt 00:05:55]} 23. Nb5 {[%clk 00:35:48]} {[%emt
00:01:43]} Ra5 {[%clk 00:08:05]} {[%emt 00:01:24]} 24. Bf1 {[%clk 00:28:13]}
{[%emt 00:08:05]} Rxb5 {[%clk 00:07:41]} {[%emt 00:00:54]} 25. Bxc4 {[%clk
00:28:32]} {[%emt 00:00:11]} Rxb6 {[%clk 00:05:31]} {[%emt 00:02:41]} 26. Bxf7+
{[%clk 00:28:55]} {[%emt 00:00:06]} Kxf7 {[%clk 00:05:53]} {[%emt 00:00:07]} 27.
Bxb6 {[%clk 00:29:18]} {[%emt 00:00:07]} Ra8 {[%clk 00:05:46]} {[%emt
00:00:37]} 28. f3 {[%clk 00:29:35]} {[%emt 00:00:12]} a3 {[%clk 00:06:12]}
{[%emt 00:00:05]} 29. c4 {[%clk 00:28:20]} {[%emt 00:01:45]} a2 {[%clk
00:05:36]} {[%emt 00:01:06]} 30. c5 {[%clk 00:27:39]} {[%emt 00:01:12]} d5
{[%clk 00:05:58]} {[%emt 00:00:08]} 31. exd5 {[%clk 00:28:00]} {[%emt
00:00:09]} Bxd5 {[%clk 00:06:23]} {[%emt 00:00:05]} 32. Bc7 {[%clk 00:28:25]}
{[%emt 00:00:06]} Ke6 {[%clk 00:04:32]} {[%emt 00:02:20]} 33. f4 {[%clk
00:28:47]} {[%emt 00:00:08]} exf4 {[%clk 00:04:28]} {[%emt 00:00:35]} 34. gxf4
{[%clk 00:27:08]} {[%emt 00:02:09]} Be4 {[%clk 00:03:44]} {[%emt 00:01:13]} 35.
Kf2 {[%clk 00:24:24]} {[%emt 00:03:14]} Bb1 {[%clk 00:02:15]} {[%emt 00:02:00]}
36. Be5 {[%clk 00:24:33]} {[%emt 00:00:21]} g5 {[%clk 00:02:06]} {[%emt
00:00:39]} 37. c6 {[%clk 00:24:52]} {[%emt 00:00:11]} Kf5 {[%clk 00:01:45]}
{[%emt 00:00:51]} 38. c7 {[%clk 00:24:30]} {[%emt 00:00:51]} gxf4 {[%clk
00:01:02]} {[%emt 00:01:13]} 39. Bd6 {[%clk 00:24:54]} {[%emt 00:00:07]} Rg8
{[%clk 00:00:42]} {[%emt 00:00:50]} 40. Be7 {[%clk 00:24:48]} {[%emt 00:00:36]}
Ra8 {[%clk 00:00:39]} {[%emt 00:00:33]} 41. Bd6 {[%clk 00:25:11]} {[%emt
00:00:07]} Rc8 {[%clk 00:28:30]} {[%emt 00:02:39]} 42. Kf3 {[%clk 00:52:54]}
{[%emt 00:02:47]} Be4+ {[%clk 00:26:57]} {[%emt 00:02:03]} 43. Kf2 {[%clk
00:53:11]} {[%emt 00:00:12]} Bb1 {[%clk 00:22:09]} {[%emt 00:05:18]} 44. Kf3
{[%clk 00:53:34]} {[%emt 00:00:07]} Ra8 {[%clk 00:13:18]} {[%emt 00:09:21]} 45.
Bxf4 {[%clk 00:51:32]} {[%emt 00:02:32]} Ra3+ {[%clk 00:11:02]} {[%emt
00:02:46]} 46. Kf2 {[%clk 00:49:25]} {[%emt 00:02:37]} Rc3 {[%clk 00:11:27]}
{[%emt 00:00:05]} 47. Bd6 {[%clk 00:49:50]} {[%emt 00:00:06]} h4 {[%clk
00:08:18]} {[%emt 00:03:38]} 48. Kg2 {[%clk 00:49:03]} {[%emt 00:01:16]} Ke4
{[%clk 00:08:25]} {[%emt 00:00:23]} 49. Kf2 {[%clk 00:48:52]} {[%emt 00:00:41]}
Rc2+ {[%clk 00:08:45]} {[%emt 00:00:10]} 50. Kg1 {[%clk 00:48:39]} {[%emt
00:00:43]} Kf3 {[%clk 00:08:47]} {[%emt 00:00:28]} 51. Be5 {[%clk 00:49:03]}
{[%emt 00:00:06]} Rc5 {[%clk 00:06:31]} {[%emt 00:02:44]} 52. Bd6 {[%clk
00:48:32]} {[%emt 00:01:04]} Rc6 {[%clk 00:05:55]} {[%emt 00:01:06]} 53. Be5
{[%clk 00:47:23]} {[%emt 00:01:39]} Rc5 {[%clk 00:04:22]} {[%emt 00:02:02]} 54.
Bd6 {[%clk 00:47:45]} {[%emt 00:00:08]} Rc1+ {[%clk 00:04:07]} {[%emt
00:00:46]} 55. Kh2 {[%clk 00:48:09]} {[%emt 00:00:06]} Rc2+ {[%clk 00:03:30]}
{[%emt 00:01:08]} 56. Kg1 {[%clk 00:47:42]} {[%emt 00:00:57]} Rg2+ {[%clk
00:03:33]} {[%emt 00:00:28]} 57. Kh1 {[%clk 00:47:37]} {[%emt 00:00:34]} Rg8
{[%clk 00:01:28]} {[%emt 00:02:34]} 58. Kh2 {[%clk 00:47:00]} {[%emt 00:01:07]}
Rc8 {[%clk 00:01:36]} {[%emt 00:00:22]} 59. Kg1 {[%clk 00:47:21]} {[%emt
00:00:09]} Re8 {[%clk 00:01:50]} {[%emt 00:00:16]} 60. Be5 {[%clk 00:46:45]}
{[%emt 00:01:06]} Rg8+ {[%clk 00:01:58]} {[%emt 00:00:22]} 61. Kh2 {[%clk
00:46:59]} {[%emt 00:00:16]} Ke4 {[%clk 00:02:15]} {[%emt 00:00:12]} 62. Bd6
{[%clk 00:46:58]} {[%emt 00:00:32]} Kd5 {[%clk 00:02:27]} {[%emt 00:00:18]} 63.
Bf4 {[%clk 00:47:01]} {[%emt 00:00:27]} Kc4 {[%clk 00:00:47]} {[%emt 00:02:10]}
64. Bg5 {[%clk 00:47:04]} {[%emt 00:00:27]} Rc8 {[%clk 00:00:34]} {[%emt
00:00:43]} 65. Bf4 {[%clk 00:47:22]} {[%emt 00:00:11]} Kb3 {[%clk 00:00:45]}
{[%emt 00:00:19]} 66. Kg2 {[%clk 00:45:45]} {[%emt 00:02:07]} Be4+ {[%clk
00:00:47]} {[%emt 00:00:29]} 67. Kf2 {[%clk 00:45:53]} {[%emt 00:00:22]} Bf5
{[%clk 00:00:40]} {[%emt 00:00:38]} 68. Be5 {[%clk 00:44:03]} {[%emt 00:02:19]}
Re8 {[%clk 00:00:51]} {[%emt 00:00:18]} 69. Bd4 {[%clk 00:44:23]} {[%emt
00:00:12]} Re4 {[%clk 00:00:59]} {[%emt 00:00:21]} 70. Bg7 {[%clk 00:43:48]}
{[%emt 00:01:04]} Bxh3 {[%clk 00:01:04]} {[%emt 00:00:27]} 71. Rc1 {[%clk
00:44:11]} {[%emt 00:00:07]} Rc4 {[%clk 00:00:54]} {[%emt 00:00:39]} 72. Rh1
{[%clk 00:43:20]} {[%emt 00:01:21]} Bf5 {[%clk 00:01:00]} {[%emt 00:00:25]} 73.
Bf6 {[%clk 00:43:12]} {[%emt 00:00:37]} h3 {[%clk 00:01:16]} {[%emt 00:00:15]}
74. Be5 {[%clk 00:43:36]} {[%emt 00:00:05]} Bc8 {[%clk 00:00:53]} {[%emt
00:00:54]} 75. Kg3 {[%clk 00:43:35]} {[%emt 00:00:31]} Rg4 {[%clk 00:00:53]}
{[%emt 00:00:30]} 76. Kf3 {[%clk 00:42:26]} {[%emt 00:01:39]} Rc4 {[%clk
00:01:13]} {[%emt 00:00:10]} 77. Ke3 {[%clk 00:42:29]} {[%emt 00:00:27]} Rc2
{[%clk 00:01:13]} {[%emt 00:00:27]} 78. Kf4 {[%clk 00:41:40]} {[%emt 00:01:22]}
Rc4+ {[%clk 00:00:57]} {[%emt 00:00:47]} 79. Ke3 {[%clk 00:41:40]} {[%emt
00:00:30]} Rc5 {[%clk 00:01:08]} {[%emt 00:00:19]} 80. Kf4 {[%clk 00:41:43]}
{[%emt 00:00:27]} Rc2 {[%clk 00:01:09]} {[%emt 00:00:29]} 81. Kg3 {[%clk
00:41:14]} {[%emt 00:00:59]} Re2 {[%clk 00:00:48]} {[%emt 00:00:51]} 82. Bd4
{[%clk 00:40:48]} {[%emt 00:00:56]} Kc4 {[%clk 00:01:01]} {[%emt 00:00:16]} 83.
Ba1 {[%clk 00:40:54]} {[%emt 00:00:25]} Rg2+ {[%clk 00:00:39]} {[%emt
00:00:52]} 84. Kf3 {[%clk 00:41:13]} {[%emt 00:00:10]} Rc2 {[%clk 00:00:58]}
{[%emt 00:00:11]} 85. Kg3 {[%clk 00:41:39]} {[%emt 00:00:04]} Kb5 {[%clk
00:00:59]} {[%emt 00:00:30]} 86. Be5 {[%clk 00:41:43]} {[%emt 00:00:25]} Rc5
{[%clk 00:01:18]} {[%emt 00:00:10]} 87. Kf4 {[%clk 00:41:33]} {[%emt 00:00:40]}
Rc4+ {[%clk 00:01:42]} {[%emt 00:00:06]} 88. Kg3 {[%clk 00:40:32]} {[%emt
00:01:32]} Re4 {[%clk 00:01:36]} {[%emt 00:00:35]} 89. Ba1 {[%clk 00:36:35]}
{[%emt 00:04:28]} Ka4 {[%clk 00:00:46]} {[%emt 00:01:20]} 90. Bf6 {[%clk
00:31:31]} {[%emt 00:06:21]} Re6 {[%clk 00:00:51]} {[%emt 00:00:24]} 91. Bd4
{[%clk 00:30:24]} {[%emt 00:01:38]} Rd6 {[%clk 00:01:06]} {[%emt 00:00:12]} 92.
Be5 {[%clk 00:30:14]} {[%emt 00:00:43]} Rb6 {[%clk 00:00:46]} {[%emt 00:00:49]}
93. Rd1 {[%clk 00:30:00]} {[%emt 00:00:46]} Rb3+ {[%clk 00:00:35]} {[%emt
00:00:41]} 94. Kh2 {[%clk 00:30:02]} {[%emt 00:00:27]} Re3 {[%clk 00:00:41]}
{[%emt 00:00:24]} 95. Rd8 {[%clk 00:28:43]} {[%emt 00:01:49]} Re2+ {[%clk
00:00:48]} {[%emt 00:00:24]} 96. Kg1 {[%clk 00:26:54]} {[%emt 00:02:18]} Rxe5
{[%clk 00:01:08]} {[%emt 00:00:11]} 0-1